Southville International School and Colleges
Your cart is empty.
  • Cart
  • Lists
    Public lists Eva Luna New books Lux_list list_1
    Your lists Log in to create your own lists
  • Log in to your account
  • Your cookies
  • Search history
Southville International School and Colleges
  • Advanced search
  • Recent comments
  • Most popular
  • Libraries

Log in to your account

Log in with GOOGLE


If you do not have an external account, but do have a local account, you can still log in:

  1. Home
  2. MARC view: New moon :
Normal view MARC view ISBD view

New moon : (Record no. 344808)

[ view plain ]
MARC details
000 -LEADER
fixed length control field 00859nam a2200313Ia 4500
008 - FIXED-LENGTH DATA ELEMENTS--GENERAL INFORMATION
fixed length control field 171025s9999 xx 000 0 und d
020 ## - INTERNATIONAL STANDARD BOOK NUMBER
International Standard Book Number 9780316075800
050 ## - LIBRARY OF CONGRESS CALL NUMBER
Classification number 791.43
050 ## - LIBRARY OF CONGRESS CALL NUMBER
Item number V393 2009
100 ## - MAIN ENTRY--PERSONAL NAME
Personal name Vaz, Mark Cotta
245 ## - TITLE STATEMENT
Title New moon :
245 ## - TITLE STATEMENT
Remainder of title the official illustrated movie companion /
245 ## - TITLE STATEMENT
Statement of responsibility, etc by Mark Cotta Vaz ; novel by Stephenie Meyer.
250 ## - EDITION STATEMENT
Edition statement First edition
260 ## - PUBLICATION, DISTRIBUTION, ETC. (IMPRINT)
Place of publication, distribution, etc USA :
260 ## - PUBLICATION, DISTRIBUTION, ETC. (IMPRINT)
Name of publisher, distributor, etc Little, Brown and company,
260 ## - PUBLICATION, DISTRIBUTION, ETC. (IMPRINT)
Date of publication, distribution, etc 2009
300 ## - PHYSICAL DESCRIPTION
Extent 141 pages :
300 ## - PHYSICAL DESCRIPTION
Other physical details colored illustrations ;
300 ## - PHYSICAL DESCRIPTION
Dimensions 27cm.
440 ## - SERIES STATEMENT/ADDED ENTRY--TITLE
Title The twilight saga.
650 ## - SUBJECT ADDED ENTRY--TOPICAL TERM
Topical term or geographic name as entry element Motion pictures --
650 ## - SUBJECT ADDED ENTRY--TOPICAL TERM
Topical term or geographic name as entry element New moon (Motion picture : 2009).
650 ## - SUBJECT ADDED ENTRY--TOPICAL TERM
Topical term or geographic name as entry element Twilight : tentation (Film).
650 ## - SUBJECT ADDED ENTRY--TOPICAL TERM
General subdivision Setting and scenery.
700 ## - ADDED ENTRY--PERSONAL NAME
Personal name Meyer, Stephenie.
700 ## - ADDED ENTRY--PERSONAL NAME
Personal name Series.
700 ## - ADDED ENTRY--PERSONAL NAME
Personal name Title.
Holdings
Withdrawn status Lost status Damaged status Home library Current library Date acquired Total Checkouts Full call number Barcode Date last seen Price effective from Koha item type
      Stonyhurst Southville International School (Malarayat) Stonyhurst Southville International School (Malarayat) 10/25/2017   NF 791.43 V393 2009 SSISM3861 10/25/2017 10/25/2017 Books

New moon :

APA

Vaz M. C., Meyer S., Series & Title.New moon. USA: .

Chicago

Vaz Mark Cotta, Meyer Stephenie, Series and Title.New moon. USA: .

Harvard

Vaz M. C., Meyer S., Series and Title.New moon. USA: .

MLA

Vaz Mark Cotta, Meyer Stephenie, Series and Title.USA: . .

  • Place hold
  • Print
  • Cite
  • Add to your cart (remove)
  • Save record
    BIBTEX Dublin Core MARCXML MARC (non-Unicode/MARC-8) MARC (Unicode/UTF-8) MARC (Unicode/UTF-8, Standard) MODS (XML) RIS
  • More searches
    Search for this title in:
    Other Libraries (WorldCat) Other Databases (Google Scholar) Online Stores (Bookfinder.com) Open Library (openlibrary.org)

Exporting to Dublin Core...

SOUTHVILLE LIBRARY

Southville International School and Colleges Library

1281 Tropical Ave. Cor. Luxembourg St., BF Homes International, Las Pinas City

Tel. No. 8256374 / 252358 Loc. 117/146

Powered by Koha